HM Treasury (Record no. 107704)
[ view plain ]
| 000 -LEADER | |
|---|---|
| fixed length control field | 01788cad a22002535a 4500 |
| 001 - CONTROL NUMBER | |
| control field | L141588 |
| 008 - FIXED-LENGTH DATA ELEMENTS--GENERAL INFORMATION | |
| fixed length control field | 071204s2007 xxk f 000 0 eng d |
| 035 ## - SYSTEM CONTROL NUMBER | |
| System control number | (Sirsi) u141588 |
| 041 0# - LANGUAGE CODE | |
| Language code of text/sound track or separate title | eng |
| 050 04 - LIBRARY OF CONGRESS CALL NUMBER | |
| Classification number | 336.39 $2 18 |
| 110 2# - MAIN ENTRY--CORPORATE NAME | |
| Corporate name or jurisdiction name as entry element | United Kingdom |
| Subordinate unit | Parliament |
| -- | House of Commons |
| -- | Select Committee of Public Accounts |
| 9 (RLIN) | 3570 |
| 245 00 - TITLE STATEMENT | |
| Title | HM Treasury |
| Remainder of title | tendering and benchmarking in PFI |
| -- | sixty-third report of session 2006-07 |
| Medium | [electronic resource] |
| 260 ## - PUBLICATION, DISTRIBUTION, ETC. | |
| Place of publication, distribution, etc. | London |
| Name of publisher, distributor, etc. | TSO |
| Date of publication, distribution, etc. | 2007 |
| 490 #0 - SERIES STATEMENT | |
| Series statement | HC |
| Volume/sequential designation | 754 |
| 505 2# - FORMATTED CONTENTS NOTE | |
| Formatted contents note | Summary -- Conclusions and recommendations -- Maintaining competitive tension in the tendering and value testing of PFI deals -- Time and cost implications of tendering and negotiations -- Skills and expertise in public sector teams |
| 520 ## - SUMMARY, ETC. | |
| Summary, etc. | Investigates whether concerns over the PFI tendering process are starting to be addressed. Also highlights the initial experiences of a small number of PFI projects that conducted value testing up to summer 2006. Reveals that there has been no improvement in tendering times, risks to value for money are being taken with one third of public sector teams making changes to PFI projects after selecting a single bidder, and there is a significant lack of skills and experience in public sector PFI teams. Also shows that benchmarking and market testing have increased prices by up to 14% and that since 2004 the proportion of deals attracting only two bidders has more than doubled, increasing the risk of no competiton. |
| 521 ## - TARGET AUDIENCE NOTE | |
| Target audience note | Advanced |
| 590 ## - LOCAL NOTE (RLIN) | |
| Local note | KA |
| 650 24 - SUBJECT ADDED ENTRY--TOPICAL TERM | |
| Topical term or geographic name entry element | PFI |
| 651 #4 - SUBJECT ADDED ENTRY--GEOGRAPHIC NAME | |
| Geographic name | United Kingdom |
| Chronological subdivision | |
| 690 ## - LOCAL SUBJECT ADDED ENTRY--TOPICAL TERM (OCLC, RLIN) | |
| Topical term or geographic name as entry element | Procurement |
| 9 (RLIN) | 6260 |
| 856 40 - ELECTRONIC LOCATION AND ACCESS | |
| Uniform Resource Identifier | <a href="https://www.parliament.uk/parliamentary_committees/committee_of_public_accounts.cfm">https://www.parliament.uk/parliamentary_committees/committee_of_public_accounts.cfm</a> |
| Public note | View the report free of charge at www.parliament.uk... |
| 942 ## - ADDED ENTRY ELEMENTS (KOHA) | |
| Suppress in OPAC | 0 |
| Withdrawn status | Lost status | Source of classification or shelving scheme | Damaged status | Not for loan | Home library | Current library | Shelving location | Date acquired | Total Checkouts | Full call number | Barcode | Date last seen | Copy number | Price effective from | Koha item type |
|---|---|---|---|---|---|---|---|---|---|---|---|---|---|---|---|
| Dewey Decimal Classification | Virtual | Virtual | Online | 04/12/2007 | ONLINE PUBLICATION | 141588-2001 | 06/08/2019 | 1 | 06/08/2019 | Book |